Argentina Multiple Choice - Statistics

General Stats
  • This quiz has been taken 14,150 times
  • The average score is 12 of 15
Answer Stats
Question Answer % Correct
What object appears on the flag of Argentina? Sun
98%
Which country does NOT border Argentina? Ecuador
94%
Who captained the Argentinian squad that won the 1986 FIFA World Cup? Diego Maradona
86%
Which of these dances was invented in Argentina? Tango
84%
What foreign capital is located only 200 kilometers away from Buenos Aires? Montevideo
83%
What is the currency of Argentina? Peso
83%
True or false. Argentina has a lower population density than the average country. True
82%
Which region is known for its flat grasslands? The Pampas
78%
What category represents the majority of Argentina's exports? Agricultural products
77%
From which country did Argentina receive the greatest number of immigrants before 1920? Italy
73%
Who led Argentina as President from 1946–1955? Juan Perón
73%
Which province of Argentina is known for its wine production? Mendoza
71%
Which of the following people was NOT born in Argentina? Simón Bolívar
68%
What war criminal was found hiding in Buenos Aires in 1960? Adolf Eichmann
62%
What did Ferdinand Magellan supposedly see while stopping in Patagonia on his voyage around the world? a Giant
45%
No matching quizzes found
Score Distribution
Percent of People with Each Score
Percentile by Number Answered
Your Score History
You have not taken this quiz